[Event "Charala op"]
[Site "Charala"]
[Date "2010.07.17"]
[Round "1"]
[White "Velez Alvarez, Laura Camila"]
[Black "Ortiz, Javier"]
[Result "0-1"]
[WhiteElo "1649"]
[BlackElo "2123"]
[PlyCount "60"]
[EventDate "2010.07.17"]
[EventType "swiss"]
[EventRounds "8"]
[EventCountry "COL"]
[SourceTitle "CBM 137 Extra"]
[Source "ChessBase"]
[SourceDate "2010.09.01"]
[SourceVersion "1"]
[SourceVersionDate "2010.09.01"]
[SourceQuality "1"]

1. e4 c5 2. Nf3 a6 3. d4 cxd4 4. Nxd4 Nf6 5. Nc3 d6 6. f3 e6 7. Be3 b5 8. a3 Bb7 9. Qd2 d5 10. Bd3 e5 11. Nb3 d4 12. Bxd4 exd4 13. Ne2 Nc6 14. 0-0-0 Be7 15. Qf4 Nd5 16. exd5 Bg5 17. dxc6 Bxc6 18. Kb1 Bxf4 19. Nxf4 Kf8 20. Be2 Qc7 21. Rxd4 Re8 22. Bd3 g6 23. Nc5 Kg7 24. c3 Qb6 25. b4 Re5 26. Kc2 a5 27. Ra1 Ra8 28. Kb2 axb4 29. cxb4 Rd8 30. Kc3 Rxc5+ 0-1